American Underground Rappers - Statistics

General Stats
  • This quiz has been taken 46 times
  • The average score is 6 of 20
Answer Stats
Picture Answer % Correct
Dave Blunts
100%
Destroy Lonely
100%
Kankan
100%
Ken Carson
100%
OsamaSon
92%
LAZER DIM 700
86%
Molly Santana
83%
LUCKI
82%
Che
80%
2Slimey
77%
ian
73%
slayr
69%
Yeat
67%
SoFaygo
64%
Autumn!
60%
Nino Paid
60%
Summrs
60%
Nine Vicious
57%
Pradabagshawty
57%
Jace!
50%
Lelo
50%
Yhapojj
50%
Yung Fazo
50%
1oneam
41%
Glokk40Spaz
40%
Rich Amiri
38%
rexv2
36%
diamond*
33%
Lancey Foux
33%
DC The Don
31%
Fimiguerrero
31%
Black Kray
30%
midwxst
27%
untiljapan
27%
Hardrock
25%
$NOT
25%
SSGKobe
23%
tana
23%
ApolloRed1
22%
Eric Reprid
22%
Pz'
22%
Duwap Kaine
20%
KA$HDAMI
20%
Cochise
17%
Dro Kenji
17%
Jim Legxacy
17%
SahBabii
17%
Sk8star
15%
Devstacks
14%
RRoxket
14%
UnoTheActivist
14%
yvngxchris
14%
Bktherula
13%
Izaya Tiji
13%
Morray
13%
Diorvsyou
11%
Slump6s
11%
Swapa
11%
Thouxanbanfauni
11%
TyFontaine
11%
Lisha G
10%
xtsy*
10%
Lil Candy Paint
8%
sosocamo
8%
Southsidesilhouette
8%
1300SAINT
7%
Rollin Thrax
7%
Bear1Boss
0%
billi0n
0%
Desire
0%
Dina Ayada
0%
GOONIE
0%
hako
0%
Hefna380
0%
Kee Nola
0%
Lackvill
0%
NGeeYL
0%
Percaso
0%
Tezzus
0%
YNG Martyr
0%
No matching quizzes found
Score Distribution
Percent of People with Each Score
Percentile by Number Answered
Your Score History
You have not taken this quiz